Hulk Villains A-Z by Picture - Statistics

General Stats
  • This quiz has been taken 49 times
  • The average score is 9 of 23
Answer Stats
Picture Answer % Correct
Abomination
98%
Red Hulk
98%
Juggernaut
95%
Ego the Living Planet
81%
Leader
76%
Maestro
62%
Harpy
43%
Wendigo
43%
Zzzax
40%
Bi-Beast
36%
Gremlin
36%
Constrictor
33%
Ironclad
33%
Xemnu
29%
Vector
24%
Tyrannus
21%
Ogress
19%
Flux
14%
Speedfreek
14%
Dark-Crawler
10%
Piecemeal
10%
Nebulon
5%
Quintronic Man
5%
No matching quizzes found
Score Distribution
Percent of People with Each Score
Percentile by Number Answered
Your Score History
You have not taken this quiz